000 00428nam a2200157Ia 4500
008 151121s9999||||xx |||||||||||||| ||und||
082 _a328।54/
082 _bHNW-63574
245 _aभारतीय संसद
260 _bमा। न। मंत्रालय।
260 _c--
300 _a62
630 _aभारतीय संसद
730 _aभारतीय संसद
942 _cBOOK
999 _c1245106
_d1245103